The Zen of Social Media Marketing : An Easier Way to Build Credibility, Generate Buzz, and Increase Revenue /

Exposición de técnicas para el uso mercadológico de los medios sociales, cuya autora enfatiza que los principios de la mercadotecnia tradicional no pueden ser aplicados con dichas tecnologías, puesto que estas pertenecen a los consumidores y no a los comerciantes y anunciantes. Shama Kabani estructu...

Description complète

Enregistré dans:
Détails bibliographiques
Auteur principal: Kabani, Shama (autor)
Format: Livre
Langue:anglais
Publié: Dallas, EUA : Benbella Books, 2013, c2013
Édition:Nueva ed.
Sujets:
Tags: Ajouter un tag
Pas de tags, Soyez le premier à ajouter un tag!

MARC

LEADER 00000nam^a2200000^a^4500
001 000340664
005 20250521000000.0
009 20260526141126.067
020 |a 978-1-937856-15-1 
037 |a Acervo ITESO - Biblioteca 
041 |a ING 
082 |a 658. 00285  |b KAB 
100 |a Kabani, Shama  |e (autor) 
245 1 4 |a The Zen of Social Media Marketing :  |b An Easier Way to Build Credibility, Generate Buzz, and Increase Revenue /  |c S. Kabani ; pról. de Chris Brogan. 
250 |a Nueva ed. 
264 4 |a Dallas, EUA :  |b Benbella Books,  |c 2013, c2013 
300 |a XVI, 256 p. 
336 |a texto  |b txt  |2 rdacontenido 
337 |a sin mediación  |b n  |2 rdamedio 
338 |a volumen  |b nc  |2 rdasoporte 
520 |a Exposición de técnicas para el uso mercadológico de los medios sociales, cuya autora enfatiza que los principios de la mercadotecnia tradicional no pueden ser aplicados con dichas tecnologías, puesto que estas pertenecen a los consumidores y no a los comerciantes y anunciantes. Shama Kabani estructura su trabajo en los siguientes capítulos: 1) Fundamentos de mercadotecnia en línea; 2) Páginas en línea y blog; 3) Optimización de motores de búsqueda: el arte y ciencia de guiar el tráfico hacia tu sitio web; 4) Mercadotecnia de medios sociales: lo que necesitas saber antes de iniciar; 5) Identidad ante la comunidad: por qué la mayor parte de las compañías fracasan en la mercadotecnia en medios sociales; 6) Facebook: con 900 millones de usuarios y creciendo, este gigante no puede ser ignorado; 7) Twitter: el gran bazar de los sitios de redes sociales; 8) LinkedIn: el lugar al que acuden los profesionales; 9) Google+: la red social de crecimiento más rápido; 10) Publicidad social; 11) Video: el medio social más poderoso, 12) Crear una política de medios sociales para tu organización y 13) Una palabra final sobre los medios sociales: herramientas para atraer todavía más negocios. 
521 |a 2014 BO Maestría en Mercadotecnia Global 
649 |a XX 
650 |a Negocios en Internet -  |x Administración -  |x Tema Principal 
650 |a Empresas -  |x Administración 
650 |a Blogs (Internet) -  |x Aspectos Económicos 
650 |a Redes Sociales (Internet) -  |x Aspectos Económicos 
650 |a Medios Sociales (Internet) -  |x Aspectos Económicos -  |x Tema Principal 
650 |a Internet -  |x Aspectos Económicos 
650 |a Tecnologías de Comunicación e Información -  |x Aspectos Económicos 
650 |a Mercadotecnia -  |x Tema Principal 
650 |a Comunicación Organizacional 
650 |a Ciencias Administrativas 
910 |a Fondo General 
920 |a Impresos - Libros 
930 |a Colección General 
905 |a 101 
901 |a 0500230385  |b IT1  |c ACC  |i C140236  |u 20250521 
901 |a 0500230388  |b IT1  |c ACC  |i C140235  |u 20250521 
902 |a https://opac.biblio.iteso.mx/vufind/Record/000340664